A Guide to Parenting (Record no. 10999)

MARC details
000 -LEADER
fixed length control field 00615nam a2200241 a 4500
001 - CONTROL NUMBER
control field 0001-0999
003 - CONTROL NUMBER IDENTIFIER
control field ELIB.Books
008 - FIXED-LENGTH DATA ELEMENTS--GENERAL INFORMATION
fixed length control field 141016 2010 eng
020 ## - INTERNATIONAL STANDARD BOOK NUMBER
International Standard Book Number KBTS
035 ## - SYSTEM CONTROL NUMBER
System control number (ELIB.Books)0001-1153
092 ## - LOCALLY ASSIGNED DEWEY CALL NUMBER (OCLC)
Classification number 248.845
Item number Sar
100 ## - MAIN ENTRY--PERSONAL NAME
Personal name Sarju, Sawak
245 ## - TITLE STATEMENT
Title A Guide to Parenting
260 ## - PUBLICATION, DISTRIBUTION, ETC. (IMPRINT)
Place of publication, distribution, etc. Iloilo City
Name of publisher, distributor, etc. Central Philippine
Date of publication, distribution, etc. 1991
300 ## - PHYSICAL DESCRIPTION
Extent 168
Dimensions 20.5 Cm
500 ## - GENERAL NOTE
General note Dr. Yahalaylayla
700 ## - ADDED ENTRY--PERSONAL NAME
Personal name Sarju, Sawak
856 ## - ELECTRONIC LOCATION AND ACCESS
Name of location of host KBTS; Library
Uniform Resource Identifier <a href="KBTS; Elib.">KBTS; Elib.</a>
942 ## - ADDED ENTRY ELEMENTS (KOHA)
Source of classification or shelving scheme Dewey Decimal Classification
Koha item type Books
990 ## - EQUIVALENCES OR CROSS-REFERENCES [LOCAL, CANADA]
Link information for 9XX fields 1
998 ## - LOCAL CONTROL INFORMATION (RLIN)
Cataloger's initials, CIN (RLIN) bat
-- 2014-10-16
-- cat
-- 2018-11-19
Holdings
Withdrawn status Lost status Source of classification or shelving scheme Damaged status Not for loan Home library Current library Date acquired Total Checkouts Barcode Date last seen Bill Date Koha item type
    Dewey Decimal Classification     Karen Baptist Theological Seminary Library Karen Baptist Theological Seminary Library 16/10/2014   E000015220 22/01/2022 22/01/2022 Books
Implemented & Customized by: BestBookBuddies

Powered by Koha